|
|
|
|
| LEADER |
01234nam a2200265 a 4500 |
| 001 |
2613897 |
| 008 |
090527s1999 si a b 001 0 eng d |
| 010 |
|
|
|a \\\98007861
|
| 020 |
|
|
|a 9810235011 (acid-free paper)
|
| 040 |
|
|
|a DLC
|c DLC
|d DLC
|
| 082 |
0 |
0 |
|a 531
|2 21
|
| 100 |
1 |
|
|a Arsenʹev, D. G.
|q (Dmitriĭ Germanovich),
|d 1963-
|
| 245 |
1 |
0 |
|a Adaptive methods of computing mathematics and mechanics :
|b stochastic variant /
|c D.G. Arsenjev, V.M. Ivanov & O.Y. Kulʹchitsky.
|
| 260 |
|
|
|a Singapore ;
|a River Edge, NJ :
|b World Scientific,
|c c1999.
|
| 300 |
|
|
|a xix, 416 p. :
|b ill. ;
|c 23 cm.
|
| 504 |
|
|
|a Includes bibliographical references (p. 397-412) and index.
|
| 541 |
1 |
|
|e 00014639
|
| 650 |
|
0 |
|a Mechanics, Analytic
|x Data processing.
|
| 650 |
|
0 |
|a Multigrid methods (Numerical analysis)
|
| 650 |
|
0 |
|a Mathematical models.
|
| 700 |
1 |
|
|a Ivanov, V. M.
|q (Vladimir Mikhaĭlovich),
|d 1956-
|
| 700 |
1 |
|
|a Kulʹchit͡s︡kiĭ, O. I͡U︡.
|q (Oleg I͡U︡rʹevich),
|d 1946-
|
| 852 |
4 |
|
|a Ayesha Abed Library
|j General shelf
|
| 999 |
|
|
|c 1084
|d 1084
|
| 952 |
|
|
|0 0
|1 0
|2 ddc
|4 0
|6 531_ARS_199900000000000
|7 0
|8 NFIC
|9 980
|a BRACUL
|b BRACUL
|c GEN
|d 2009-06-24
|g 0.00
|l 0
|o 531 ARS
|p 3010014639
|r 2009-06-24
|t 1
|w 2009-06-24
|y BK
|x No price found in the accession register.
|